00405nam a22001217a 450000500170000002000230001703500330004003700130007310000200008624501080010626000450021430000240025920180810131855.0 a0195679210c595.00 aB-225923, B-225922, B-225925 aDPLbENG aSingh, Pashaura aLife and work of Guru Arjan :bHistory, memory and biography in the Sikh tradition /cby Pashaura Singh aNew DelhibOxford University Pressc2006 axiv, 317p.c22 cms.